• 首页
  • 本馆介绍
  • 公告通知
  • 最新文献
  • 馆藏检索
  • 电子资源
  • 读者导购
  • 参考咨询
  • 我的图书馆
  • 登录
  • 详细信息显示
  • 放入我的书架
  • 预约/预借图书
  • 作者相关作品
  • 分类相关作品
  • 丛书相关作品
  • 出版社相关作品

书目信息

  • 表格格式
  • 工作单格式
  • 卡片格式
题名:
新世纪赵树理研究
    
 
作者: 杨占平 , 赵魁元 主编
分册:   专栏 综述
出版信息: 太原   北岳文艺出版社  2016
页数: 201页
开本: 24cm
丛书名: 赵树理研究文丛
单 册:
中图分类: K825.6=73 , I206.7
科图分类:
主题词:
电子资源:
ISBN: 978-7-5378-4802-2
000 01139nam0 22002891 450
001 0102093607
005 20170402093607.0
010    @a978-7-5378-4802-2@dCNY36.00
100    @a20160823d2016 em y0chiy50 ea
101 0  @achi
102    @aCN@b140000
105    @ay z 000yy
106    @ar
200 1  @a新世纪赵树理研究@Axin shi ji zhao shu li yan jiu@i专栏 综述@f杨占平,赵魁元主编
210    @a太原@c北岳文艺出版社@d2016
215    @a201页@d24cm
225 2  @a赵树理研究文丛@Azhao shu li yan jiu wen cong@h第三辑@f赵魁元,杨占平主编
330    @a本书分为“专栏”和“综述”两部分,收录《就职宣言”是一篇伪作》《赵树理、农民文化与政治意识形态》《赵树理文化意义之一种》《重新审视赵树理——对赵树理文化意义的一些思考》等文章。
461  0 @12001 @a赵树理研究文丛@h第三辑@f赵魁元,杨占平主编
600  0 @a赵树理@Azhao shu li@f(1906-1970)@x人物研究
600  0 @a赵树理@Azhao shu li@f(1906-1970)@x文学研究
690    @aK825.6=73@v5
690    @aI206.7@v5
701  0 @a杨占平@Ayang zhan ping@f(1956~)@4主编
701  0 @a赵魁元@Azhao kui yuan@4主编
801  0 @aCN@bTANGWEI@c20170308
905    @b0963994-7@dK825.6=73@e883@f4
    
    新世纪赵树理研究.专栏 综述/杨占平,赵魁元主编.-太原:北岳文艺出版社,2016
    201页;24cm.-(赵树理研究文丛.第三辑/赵魁元,杨占平主编)
    
    
    ISBN 978-7-5378-4802-2:CNY36.00
    本书分为“专栏”和“综述”两部分,收录《就职宣言”是一篇伪作》《赵树理、农民文化与政治意识形态》《赵树理文化意义之一种》《重新审视赵树理——对赵树理文化意义的一些思考》等文章。
●
相关链接 在E读中查询图书 在五车中查询图书 在当当中查询图书 在豆瓣中查询图书


正题名:新世纪赵树理研究     索取号:K825.6=73/883         预约/预借

序号 登录号 条形码 馆藏地/架位号 状态 备注
1 0963994   209639943   第二样本阅览室/ [索取号:K825.6=73/883] 在馆    
2 0963995   209639952   密集书库-资源管理系/ [索取号:K825.6=73/883] 在馆    
3 0963996   209639961   第二借阅区/ [索取号:K825.6=73/883] 在馆    
4 0963997   209639970   第二借阅区/ [索取号:K825.6=73/883] 在馆    
唐山师范学院图书馆 欢迎您!
大连网信软件有限公司© 版权所有